Pocket companion for physical examination & health assessment.(7th ed.) (Record no. 32405)

MARC details
000 -LEADER
fixed length control field 01098nam a2200217 a 4500
005 - DATE AND TIME OF LATEST TRANSACTION
control field 20241203085143.0
008 - FIXED-LENGTH DATA ELEMENTS--GENERAL INFORMATION
fixed length control field 170519s2016 ||||||||||||||||| || u
010 ## - LIBRARY OF CONGRESS CONTROL NUMBER
LC control number 2015460679
020 ## - INTERNATIONAL STANDARD BOOK NUMBER
International Standard Book Number 9780323265379
040 ## - CATALOGING SOURCE
Transcribing agency CBULib
050 ## - LIBRARY OF CONGRESS CALL NUMBER
Classification number RC 76 Jar
100 ## - MAIN ENTRY--PERSONAL NAME
Personal name Jarvis, Carolyn
245 10 - TITLE STATEMENT
Title Pocket companion for physical examination & health assessment.(7th ed.)
Statement of responsibility, etc. Carolyn Jarvis, PhD, APN, CNP, Professor of Nursing, School of Nursing, Illinois Wesleyan University, Bloomington, Illinois and Family Nurse Practitioner, Bloomington, Illinois ; original illustrations by Pat Thomas, CMI, FAMI, East Troy, Wisconsin ; assessment photographs by Kevin Strandberg, Professor of Art, Illinois Wesleyan University, Bloomington, Illinois.
Medium [unmediated]
250 ## - EDITION STATEMENT
Edition statement Seventh edition
260 ## - PUBLICATION, DISTRIBUTION, ETC.
Place of publication, distribution, etc. St. Louis Missouri
Name of publisher, distributor, etc. Elsevier
Date of publication, distribution, etc. 2016
300 ## - PHYSICAL DESCRIPTION
Extent vi, 298 pages : illustrations
500 ## - GENERAL NOTE
General note Includes bibliographical references (pages 285-286) and index.
650 #0 - SUBJECT ADDED ENTRY--TOPICAL TERM
Topical term or geographic name entry element NURSING ASSESSMENT - HANDBOOKS, MANUALS, ETC
650 #0 - SUBJECT ADDED ENTRY--TOPICAL TERM
Topical term or geographic name entry element MEDICAL HISTORY TAKING - HANDBOOK, MANUALS, ETC
942 ## - ADDED ENTRY ELEMENTS (KOHA)
Koha item type MONOGRAPH
999 ## -
-- 32405
-- 32405
Holdings
Withdrawn status Lost status Source of classification or shelving scheme Damaged status Not for loan Permanent Location Current Location Date acquired Full call number Barcode Date last seen Price effective from Koha item type Shelving location Collection code
          CBU-SCHOOL OF MEDICINE LIBRARY, NDOLA. CBU-SCHOOL OF MEDICINE LIBRARY, NDOLA. 11/30/2022 RC 76 Jar 903970 11/30/2022 11/30/2022 MONOGRAPH    
          CBU-SCHOOL OF MEDICINE LIBRARY, NDOLA. CBU-SCHOOL OF MEDICINE LIBRARY, NDOLA. 12/03/2024 RC 76 Jar 905123 12/03/2024 12/03/2024 MONOGRAPH School of Medicine Collection - Hospital Campus  
          CBU-SCHOOL OF MEDICINE LIBRARY, NDOLA. CBU-SCHOOL OF MEDICINE LIBRARY, NDOLA. 12/03/2024 RC 76 Jar 905120 12/03/2024 12/03/2024 MONOGRAPH School of Medicine Collection - Hospital Campus  
          CBU-SCHOOL OF MEDICINE LIBRARY, NDOLA. CBU-SCHOOL OF MEDICINE LIBRARY, NDOLA. 12/03/2024 RC 76 Jar 905121 12/03/2024 12/03/2024 MONOGRAPH School of Medicine Collection - Hospital Campus Medical Library Collection
          CBU-SCHOOL OF MEDICINE LIBRARY, NDOLA. CBU-SCHOOL OF MEDICINE LIBRARY, NDOLA. 12/03/2024 RC 76 Jar 905122 12/03/2024 12/03/2024 MONOGRAPH School of Medicine Collection - Hospital Campus Medical Library Collection
          CBU-SCHOOL OF MEDICINE LIBRARY, NDOLA. CBU-SCHOOL OF MEDICINE LIBRARY, NDOLA. 12/03/2024     12/03/2024 12/03/2024 MONOGRAPH   Medical Library Collection
          CBU-SCHOOL OF MEDICINE LIBRARY, NDOLA. CBU-SCHOOL OF MEDICINE LIBRARY, NDOLA. 12/03/2024 RC 76 Jar 905124 12/03/2024 12/03/2024 MONOGRAPH   Medical Library Collection